000 00780nam a2200241Ia 4500
003 OSt
005 20220711120359.0
008 210716s2012 xx 000 0 und d
020 _a9789380026763
040 _cAIMIT LIBRARY
041 _aeng
082 _a511.8
_21
_bMITH
100 _aMittal, Harish.
_948045
245 _aTextbook of discrete mathematics /
_cBy Harish Mittal, Vinay Kumar Goyal and Deepak Kumar Goyal.
250 _a1st ed.
260 _aNew Delhi :
_bI K International Publishing House Pvt Ltd ,
_c2012.
300 _axvi,412p. ;
_c23 cm.
650 _aRelation and functions
_948046
650 _aTechniques of counting
_948047
700 _aGoyal, Vinay Kumar.
_948048
700 _aGoyal, Deepak Kumar.
_948049
942 _2ddc
_cBK
_e1st
_k511.8 MITH
999 _c194120
_d194120